It looks like you're offline.
Open Library logo
additional options menu

MARC record from Internet Archive

LEADER: 02009cam 2200493Ia 4500
001 ocm22694634
003 OCoLC
005 20181026054107.0
008 901115s1990 enka j 000 1 eng d
040 $aOCO$beng$cOCO$dOCL$dBTCTA$dBAKER$dYDXCP$dOCLCQ$dUKM$dOCLCQ$dOCLCF$dOCLCQ$dOCLCO$dOCLCQ$dAVA$dOCLCA
015 $aGB9115918$2bnb
016 7 $a008782229$2Uk
019 $a24720295$a1008173634
020 $a0723237786$q(pbk.)
020 $a9780723237785$q(pbk.)
020 $a0723236623$q(pbk.)
020 $a9780723236627$q(pbk.)
035 $a(OCoLC)22694634$z(OCoLC)24720295$z(OCoLC)1008173634
082 04 $a745.59412$bP478$220
245 00 $aPeter Rabbit's Christmas book /$ccompiled by Jennie Walters.
260 $aLondon, England :$bF. Warne ;$aNew York, N.Y., USA :$bPenguin Books, USA,$c1990.
300 $a35 pages :$billustrations (some color) ;$c33 cm
336 $atext$btxt$2rdacontent
337 $aunmediated$bn$2rdamedia
338 $avolume$bnc$2rdacarrier
500 $a"Stories, puzzles, cards, recipes, decorations, presents to make; from the original and authorized stories by Beatrix Potter"--Cover.
650 0 $aChristmas stories.
650 0 $aHandicraft$vJuvenile literature.
650 0 $aChristmas decorations$vJuvenile literature.
650 1 $aHandicraft.
650 1 $aChristmas decorations.
650 7 $aChristmas decorations.$2fast$0(OCoLC)fst00859813
650 7 $aChristmas stories.$2fast$0(OCoLC)fst00859866
650 7 $aHandicraft.$2fast$0(OCoLC)fst00950959
653 1 $aHandicrafts$aSpecial subjects$aChristmas
655 7 $aJuvenile works.$2fast$0(OCoLC)fst01411637
655 7 $aChildren's books$zEngland$y1990.$2aat
700 1 $aWalters, Jennie.
938 $aBaker & Taylor$bBKTY$c5.95$d4.46$i0723237786$n0001976419$sactive
938 $aBaker and Taylor$bBTCP$nbl 99719938
938 $aYBP Library Services$bYANK$n603498
029 1 $aAU@$b000008140488
994 $aZ0$bP4A
948 $hNO HOLDINGS IN P4A - 32 OTHER HOLDINGS